[Event "7th Sunway Sitges 2020"]
[Site "Sitges ESP"]
[Date "2020.12.23"]
[Round "10.26"]
[White "Degardin, Sylvain"]
[Black "Yu, Jennifer"]
[Result "1/2-1/2"]
[BlackTitle "FM"]
[WhiteElo "2227"]
[BlackElo "2328"]
[WhiteFideId "20623070"]
[BlackFideId "2078341"]
[EventDate "2020.12.13"]

1. e4 e5 2. Nf3 Nc6 3. Bb5 a6 4. Ba4 Nf6 5. O-O b5 6. Bb3 Bb7 7. d3 Be7 8. Nc3
O-O 9. a3 d6 10. Re1 Nd4 11. Nxd4 exd4 12. Nd5 Nxd5 13. exd5 Qd7 14. Qf3 Bf6 15.
Bd2 Rfe8 16. h3 Be5 17. Re2 Re7 18. Rae1 Rae8 19. g4 c5 20. dxc6 Bxc6 21. Bd5
Bxd5 22. Qxd5 h5 23. f4 Bxf4 24. Rxe7 Rxe7 25. Rxe7 Qxe7 26. Bxf4 Qe1+ 27. Kg2
Qe2+ 28. Kg1 Qe1+ 29. Kg2 Qe2+ 30. Kg1 Qe1+ 1/2-1/2

[Event "7th Sunway Sitges 2020"]
[Site "Sitges ESP"]
[Date "2020.12.23"]
[Round "10.27"]
[White "Eden, James"]
[Black "Csiki, Endre"]
[Result "0-1"]
[WhiteTitle "IM"]
[BlackTitle "FM"]
[WhiteElo "2323"]
[BlackElo "2231"]
[WhiteFideId "666491"]
[BlackFideId "775126"]
[EventDate "2020.12.13"]

1. e4 e5 2. Nf3 Nc6 3. Bc4 Nf6 4. d3 h6 5. O-O d6 6. c3 g5 7. Re1 Bg7 8. Na3 O-O
9. Bb3 d5 10. exd5 Nxd5 11. Nb5 Be6 12. d4 a6 13. c4 axb5 14. cxd5 Bxd5 15. dxe5
Be6 16. Be3 Qxd1 17. Raxd1 Bxb3 18. axb3 Rfd8 19. h4 g4 20. Nd4 Nxe5 21. Nxb5
Nd3 22. Re2 Nxb2 23. Rxd8+ Rxd8 24. Nxc7 Rd1+ 25. Kh2 Be5+ 26. g3 Nd3 27. Nd5
Ne1 28. Rxe1 Rxe1 29. Bxh6 Bd4 30. Kg2 Rb1 31. Be3 Bxe3 32. Nxe3 Rxb3 33. Nxg4
b5 34. Kf1 b4 35. Ke2 Rc3 36. Ne5 b3 37. Nd3 b2 0-1

[Event "7th Sunway Sitges 2020"]
[Site "Sitges ESP"]
[Date "2020.12.23"]
[Round "10.28"]
[White "Papadiamandis, Elliot"]
[Black "Toncheva, Nadya"]
[Result "1-0"]
[WhiteTitle "CM"]
[BlackTitle "WFM"]
[WhiteElo "2134"]
[BlackElo "2321"]
[WhiteFideId "36074160"]
[BlackFideId "2924056"]
[EventDate "2020.12.13"]

1. e4 c5 2. Nf3 Nc6 3. d4 cxd4 4. Nxd4 g6 5. c4 Bg7 6. Be3 Nf6 7. Nc3 O-O 8. Be2
d6 9. O-O Bd7 10. Nc2 Rc8 11. f3 Ne5 12. Na3 a5 13. Rc1 Bc6 14. Nd5 Bxd5 15.
cxd5 Rxc1 16. Qxc1 Ned7 17. Qc2 Qa8 18. Rc1 Nc5 19. Bxc5 Rc8 20. Qa4 Bh6 21. Rc3
Rxc5 22. Rxc5 Be3+ 23. Kf1 Bxc5 24. Nc4 Qf8 25. g3 b6 26. Kg2 h5 27. h4 Qh6 28.
Qc2 Nd7 29. a3 a4 30. f4 Qg7 31. Qd2 Bd4 32. Qb4 Nc5 33. Qxb6 Kh7 34. Qc7 Qf6
35. e5 Qf5 36. Qxe7 Qe4+ 37. Bf3 Qc2+ 38. Kh3 Qf5+ 39. Kh2 dxe5 40. Nd6 Qd7 41.
Qxd7 Nxd7 42. fxe5 Nxe5 43. Bd1 Bxb2 44. Nb5 Nc4 45. Bxa4 Nxa3 46. Nd6 Kg7 47.
Nb7 Bf6 48. d6 g5 49. Kh3 gxh4 50. gxh4 Kf8 51. d7 Nc4 52. Bd1 Ne3 53. Bxh5 Nf5
54. d8=Q+ Bxd8 55. Nxd8 Nh6 56. Kg3 Ke7 57. Nc6+ Kd6 58. Bf3 Ke6 59. Kf4 f6 60.
h5 Kd6 61. Nd4 Ke7 62. Bd5 Kf8 63. Be6 Kg7 64. Ke4 Kf8 65. Kd5 Ke7 66. Nc6+ Ke8
67. Kd6 Kf8 68. Nd4 Ke8 69. Bd7+ Kf7 70. Bf5 Kf8 71. Ke6 Kg7 72. Bb1 Ng8 73.
Nf5+ Kh7 74. Bc2 Kh8 75. Kf7 Kh7 76. Ne7+ Kh6 77. Nxg8+ Kxh5 78. Nxf6+ Kg5 79.
Ke6 Kf4 80. Bf5 Ke3 81. Ke5 Kd2 82. Kd4 Kc1 83. Kc3 Kd1 84. Bd3 Ke1 85. Ne4 Kd1
86. Bc4 Kc1 87. Nf2 Kb1 88. Nd3 Ka1 89. Be6 Kb1 90. Bf5 Ka1 91. Ne1 Ka2 92. Nc2
Kb1 93. Be6 Kc1 94. Ba2 Kd1 95. Nd4 Kc1 96. Ne2+ Kd1 97. Kd3 Ke1 98. Bb3 Kf2 99.
Kd2 Kf3 100. Kd3 Kg4 101. Ke4 Kg5 102. Ke5 Kg6 103. Be6 Kg5 104. Nd4 Kg6 105.
Nf5 Kh7 106. Kf6 Kh8 107. Ne7 Kh7 108. Ng6 Kh6 109. Bg8 Kh5 110. Ne5 Kh4 111.
Kf5 Kg3 112. Ng4 Kh4 113. Kf4 Kh5 114. Bf7+ Kh4 115. Bg6 Kh3 116. Ne3 Kh4 117.
Ng2+ Kh3 118. Kf3 Kh2 119. Nf4 Kg1 120. Bd3 Kh2 121. Kf2 Kh1 122. Bf1 Kh2 123.
Nd3 1-0

[Event "7th Sunway Sitges 2020"]
[Site "Sitges ESP"]
[Date "2020.12.23"]
[Round "10.29"]
[White "Silva, Pedro Gil Ferreira Da"]
[Black "Siebrecht, Sebastian"]
[Result "1-0"]
[BlackTitle "GM"]
[WhiteElo "2100"]
[BlackElo "2429"]
[WhiteFideId "1946102"]
[BlackFideId "4609352"]
[EventDate "2020.12.13"]

1. e4 c5 2. Nf3 e6 3. d4 cxd4 4. Nxd4 a6 5. Nc3 Qc7 6. g3 Nf6 7. Bg2 Nc6 8. O-O
h5 9. Re1 Nxd4 10. Qxd4 Bc5 11. Qd3 Ng4 12. Nd1 h4 13. Qf3 Ne5 14. Qc3 hxg3 15.
hxg3 Bb6 16. Qxc7 Bxc7 17. a4 d6 18. b3 Ke7 19. Ne3 Bb6 20. Ba3 Bd7 21. Rad1 Bc5
22. Bxc5 dxc5 23. f4 Ng6 24. Nf5+ Kd8 25. Nd6 Kc7 26. e5 Raf8 27. Nxb7 c4 28.
Nc5 Bc8 29. Rd6 cxb3 30. Rc6+ Kb8 31. Rb1 1-0

[Event "7th Sunway Sitges 2020"]
[Site "Sitges ESP"]
[Date "2020.12.23"]
[Round "10.45"]
[White "Cano Sevilla, Ivan"]
[Black "Le Pen, Steven"]
[Result "0-1"]
[WhiteElo "2052"]
[BlackElo "2141"]
[WhiteFideId "32043546"]
[BlackFideId "612197"]
[EventDate "2020.12.13"]

1. d4 Nf6 2. Bf4 g6 3. Nc3 d5 4. e3 Bg7 5. Be2 c6 6. h4 h5 7. Nf3 Bg4 8. Ng5
Bxe2 9. Qxe2 Nbd7 10. e4 dxe4 11. Ngxe4 Nxe4 12. Nxe4 Qa5+ 13. c3 O-O 14. O-O
Qf5 15. Bg5 Rfe8 16. Rfe1 Nf6 17. Rad1 Nxe4 18. Qxe4 Qxe4 19. Rxe4 e6 20. Rde1 0-1

[Event "7th Sunway Sitges 2020"]
[Site "Sitges ESP"]
[Date "2020.12.23"]
[Round "10.47"]
[White "Roque, Gaetan"]
[Black "Follana Albelda, Lucia"]
[Result "0-1"]
[WhiteElo "2132"]
[BlackElo "1884"]
[WhiteFideId "20666934"]
[BlackFideId "24516937"]
[EventDate "2020.12.13"]

1. d4 g6 2. c4 Bg7 3. Nf3 Nf6 4. Nc3 O-O 5. e4 d6 6. Be2 e5 7. dxe5 dxe5 8. Qxd8
Rxd8 9. Bg5 Re8 10. Nd5 Nxd5 11. cxd5 c6 12. Bc4 cxd5 13. Bxd5 Nd7 14. Nd2 Nc5
15. Ke2 Ne6 16. Be3 Nf4+ 17. Bxf4 exf4 18. Rac1 Re7 19. Rc2 Be6 20. Bxe6 Rxe6
21. Rc7 Ra6 22. a3 b5 23. Rb7 Rb6 24. Rxb6 axb6 25. Rb1 b4 26. axb4 Ra4 27. b3
Rxb4 28. Rc1 Bh6 29. f3 Bf8 30. Rc8 Kg7 31. Kd3 Rb5 32. Kc3 Rg5 33. Nc4 b5 34.
Nb6 Rxg2 35. Nd7 Be7 36. Rb8 b4+ 37. Kc4 Rc2+ 38. Kb5 Rc3 39. Re8 Bh4 40. Kxb4
Rxf3 41. Ne5 Re3 42. Nc4 Rd3 43. Nb2 Be1+ 44. Kc4 Rc3+ 45. Kd4 Rxb3 46. Nd3 f3 0-1

[Event "7th Sunway Sitges 2020"]
[Site "Sitges ESP"]
[Date "2020.12.23"]
[Round "10.48"]
[White "Pozanco Romasanta, Marc"]
[Black "Donate Moreno, Silvia"]
[Result "1-0"]
[WhiteElo "2116"]
[BlackElo "1903"]
[WhiteFideId "2255138"]
[BlackFideId "24581887"]
[EventDate "2020.12.13"]

1. d4 Nf6 2. c4 g6 3. Nc3 Bg7 4. e4 d6 5. Be2 O-O 6. Bg5 Na6 7. Qd2 e5 8. d5 Nc5
9. f3 a5 10. h4 c6 11. h5 cxd5 12. Nxd5 Ne6 13. Bh6 Nf4 14. Bxg7 Kxg7 15. h6+
Kg8 16. Nxf4 exf4 17. Qxf4 Qe7 18. Rd1 Qe5 19. Qxe5 dxe5 20. g4 Be6 21. Nh3 Rfd8
22. Ng5 Nd7 23. Nxe6 fxe6 24. Kf2 Nc5 25. Ke3 Kf7 26. g5 Ke7 27. Rxd8 Rxd8 28.
Rd1 Rf8 29. b3 Rf4 30. Rh1 b6 31. Kd2 Nb7 32. Kc3 Nd8 33. b4 axb4+ 34. Kxb4 Nc6+
35. Kc3 Nd4 36. Rh2 Kd6 37. Kb4 Kc6 38. Bd1 Kc7 39. c5 Rf8 40. cxb6+ Kxb6 41. a4
Nc6+ 42. Kc3 Nd8 43. Rb2+ Ka7 44. Rb5 Nf7 45. Rc5 Kb7 46. Be2 Re8 47. a5 Re7 48.
Kb4 Nxg5 49. Rxe5 Nf7 50. Rb5+ Ka7 51. Bc4 Nxh6 52. Re5 Nf7 53. Rxe6 Rc7 54.
Ra6+ Kb7 55. Kb5 Ne5 56. Bd5+ Kc8 57. f4 Nd3 58. Bc6 Kd8 59. Ra8+ Rc8 60. Rxc8+
Kxc8 61. f5 Ne5 62. a6 Kb8 63. Kb6 Nc4+ 64. Kc5 Ne5 65. Kd5 Ng4 66. Ke6 gxf5 67.
Kxf5 Ne3+ 68. Kg5 Ka7 69. Bb5 Kb6 70. Bd3 Kc7 71. e5 h6+ 72. Kg6 Ng4 73. e6 Ne5+
74. Kxh6 Nxd3 75. a7 Kb7 76. e7 Kxa7 77. e8=Q Nc5 78. Qb5 Nb7 79. Kg6 Kb8 80.
Qb6 Kc8 81. Kf7 Nd8+ 82. Ke8 Nb7 83. Ke7 Kb8 84. Kd7 Ka8 85. Kc7 Nc5 86. Qb8# 1-0